000 00759nam a2200181 i 4500
001 133567
003 ES-MaACL
005 20230906194444.0
007 t|
008 070821s1884 xxu ||||1| eng d
100 1 _aStevenson, John James.
_9108167
245 1 0 _aNotes on the geological structure of Tazewell, Russell, Wise, Smythe and Washintong counties of Virginia /
_cby John J. Stevenson.
260 _a[S.l. :
_bs.n.,
_c1884?]
300 _ap. 114-161, 1 h. de map. pleg. ;
_c23 cm.
500 _aRead before the American Philosophical Society, november, 21, 1884.
650 4 _aGeologĂ­a-
_zVirginia.
_9157302
852 _aES-MaACL
_jT-901-F-6
_z.- Legado de Federico de Botella y de Hornos
_z.- Enc. en un vol. facticio conservando la cub. original
999 _c133567
_d133567